| 000 | 00836nmc a2200301 a 4500 | ||
|---|---|---|---|
| 003 | AR-BaBNM | ||
| 005 | 20251128202727.0 | ||
| 008 | 285020s1994 ||||||||||||||000 | spa|| | ||
| 020 | _a987-9069-05-6 | ||
| 040 | _cAR-BaBNM | ||
| 100 | 1 | _aBertoni, Lilia Ana | |
| 245 | 1 | 0 | _a¿Qué pasó el 25 de mayo? |
| 260 |
_aBuenos Aires _bGramón-Colihue _c1994 |
||
| 300 | 0 | _a57 p. | |
| 490 | 0 |
_aUna historia argentina _vv. 4 |
|
| 650 | 4 | _aREVOLUCION DE MAYO | |
| 650 | 4 | _aPERIODO INDEPENDIENTE | |
| 650 | 4 | _aANTECEDENTES DE LA REVOLUCION DE MAYO | |
| 650 | 4 | _aSEMANA DE MAYO | |
| 650 | 4 | _aGUERRAS DE LA INDEPENDENCIA | |
| 651 | 4 | _aParaguay | |
| 651 | 4 | _aArgentina | |
| 700 | 1 | _aRomero, Luis Alberto | |
| 700 | 1 |
_aMontes, Graciela _ecolaborador |
|
| 700 | 1 |
_aSchlaen, Carlos _eilustrador |
|
| 942 | _cBK | ||
| 998 | _cmaria eugenia | ||
| 999 |
_c282 _d282 |
||